| 000 | 00388nam a22001577a 4500 | ||
|---|---|---|---|
| 003 | macl | ||
| 005 | 20240710170915.0 | ||
| 008 | 240710b |||||||| |||| 00| 0 eng d | ||
| 040 | _cmacl | ||
| 082 | _a910 | ||
| 100 |
_a Majid Husain _982460 |
||
| 245 | _aGeography Of India | ||
| 260 |
_aChennai _b McGraw Hill Education Private Limited _c2018 |
||
| 650 | _aGeography | ||
| 942 |
_2ddc _cBK |
||
| 999 |
_c66964 _d66964 |
||